UM Logo

Jazz Dance : (Record no. 13392)

MARC details
000 -LEADER
fixed length control field 00665nam a22001817a 4500
008 - FIXED-LENGTH DATA ELEMENTS--GENERAL INFORMATION
fixed length control field 190309b ||||| |||| 00| 0 eng d
020 ## - INTERNATIONAL STANDARD BOOK NUMBER
International Standard Book Number 9780813048741
082 ## - DEWEY DECIMAL CLASSIFICATION NUMBER
Edition number 2014
Classification number AV-CD 793.3
Item number G93
245 ## - TITLE STATEMENT
Title Jazz Dance :
Remainder of title a history of the roots and branches/
Statement of responsibility, etc. edited by Lindsay Guarino and Wendy Oliver.
260 ## - PUBLICATION, DISTRIBUTION, ETC. (IMPRINT)
Name of publisher, distributor, etc. University Press of Florida,
Date of publication, distribution, etc. ©2014.
300 ## - PHYSICAL DESCRIPTION
Extent 331 pages;
500 ## - GENERAL NOTE
General note Includes index.
650 ## - SUBJECT ADDED ENTRY--TOPICAL TERM
Topical term or geographic name as entry element Dance - History
9 (RLIN) 37434
700 ## - ADDED ENTRY--PERSONAL NAME
Personal name Guarino , Lindsay editor.
9 (RLIN) 37435
700 ## - ADDED ENTRY--PERSONAL NAME
Personal name Oliver,Wendy. editor.
9 (RLIN) 37436
856 ## - ELECTRONIC LOCATION AND ACCESS
Link text https://ebookcentral.proquest.com/lib/uniofmindanao-ebooks/detail.action?docID=1632924
942 ## - ADDED ENTRY ELEMENTS (KOHA)
Source of classification or shelving scheme Dewey Decimal Classification
Koha item type Ebooks
Holdings
Withdrawn status Lost status Source of classification or shelving scheme Damaged status Not for loan Home library Current library Shelving location Date acquired Source of acquisition Total Checkouts Full call number Barcode Date last seen Copy number Price effective from Koha item type
    Dewey Decimal Classification     UM Digos College - LIC UM Digos College - LIC Processing Center 03/09/2019 Downloaded   AV-CD 793.3 G93 Eb046 03/09/2019 1 03/09/2019 Ebooks